00794nam a2200157 a 450000100100000000500170001000800410002704000250006824500920009326000380018530000200022350001560024371000370039995201830043699900170061900004657820250204123118.0150827s1994 dr 000 0 spa d aDO-SdBNPbspacBNPHU00aEstructura ocupacional de los sectores :bturismo, zonas francas, y agroindustriales /. aSanto Domingo :bFUNDAPEC,c1994. a87 p. ;c33 cm. aPrograma de cooperación técnica para el fortalecimiento del sistema de enseñanza, técnico - vocacional en República Dominicana (BID-FUNDAPEC)2 aFUNDAPEC (Organización)974563 0010718PDaPDbPDcHDd2015-08-27iLF1l0o p46578-10r2020-06-25w2020-06-25yLFPDzPerteneció a la biblioteca personal de Chiqui Vicioso / Fidelio Despradel.ZNo se presta c46067d46067